Представление документа в формате MARC21

Поле Инд. ПП Название Значение
Тип записи a
Библиографический уровень m
001 Контрольный номер DU/680798407
005 Дата корректировки 20260413164803.5
020 a ISBN 9785041131432
084 a Индекс другой классификации/Индекс ББК 88.571.5
090 a Полочн. индекс 88.571.5
x Авторский знак П 844
100 1_ a Автор Прохоров Н.
q Полное имя Прохоров Никита
100 1_ a Автор Сидорин Д.
q Полное имя Сидорин Дмитрий
245 10 a Заглавие Репутация в сети. Как формировать репутацию в сети, создавать фанатов своего бренда и защищаться от информационных атак
260 a Место издания Москва
c Дата издания 2021
b Издательство Эксмо
300 a Объем 272 с.
336 a Термин вида содержания Текст
337 a Термин типа средства непосредственный
650 04 a Основная рубрика психология
a Основная рубрика социальная психология
a Основная рубрика экономическая психология
653 0_ a Ключевые слова брендинг
a Ключевые слова брендинговая деятельность
a Ключевые слова бренд-маркетинг
a Ключевые слова бренды
a Ключевые слова восприятие
a Ключевые слова защита брендов
a Ключевые слова защита информации
a Ключевые слова имидж
a Ключевые слова имидж бренда
a Ключевые слова Интернет
a Ключевые слова информационные атаки
a Ключевые слова информация
a Ключевые слова маркетинг
a Ключевые слова маркетинговая коммуникация
a Ключевые слова маркетинговые технологии
a Ключевые слова психологические модели
a Ключевые слова психологическое воздействие
a Ключевые слова психология восприятия
a Ключевые слова психология рекламы
a Ключевые слова рекламная деятельность
a Ключевые слова репутация
a Ключевые слова социальные сети
a Ключевые слова средства массовой информации (СМИ)
720 a Наименование подборки Конференция «Психология третьего тысячелетия»
e Признак/вид подборки Тематические подборки
900 a Имя электронного ресурса obl_prohorov_reputaciya_v_seti
x Справочная информация Обложка
901 t Тип документа m
952 a Тип литературы для КСУ ВШ НАУ